<?xml version="1.0" encoding="UTF-8"?>
<record
    xmlns:xsi="http://www.w3.org/2001/XMLSchema-instance"
    xsi:schemaLocation="http://www.loc.gov/MARC21/slim http://www.loc.gov/standards/marcxml/schema/MARC21slim.xsd"
    xmlns="http://www.loc.gov/MARC21/slim">

  <leader>01194nam a2200241 a 4500</leader>
  <controlfield tag="001">74044</controlfield>
  <controlfield tag="003">BD-RjUL</controlfield>
  <controlfield tag="005">20211209082500.0</controlfield>
  <controlfield tag="008">180131s2015    bg ||||| b||| 000 0 ben d</controlfield>
  <datafield tag="020" ind1=" " ind2=" ">
    <subfield code="a">9789843393159</subfield>
    <subfield code="c">TK. 680.00</subfield>
  </datafield>
  <datafield tag="035" ind1=" " ind2=" ">
    <subfield code="a">(BD-RjUL)74262</subfield>
  </datafield>
  <datafield tag="040" ind1=" " ind2=" ">
    <subfield code="a">BD-RjUL</subfield>
    <subfield code="b">eng</subfield>
    <subfield code="c">BD-RjUL</subfield>
  </datafield>
  <datafield tag="041" ind1=" " ind2=" ">
    <subfield code="a">ben</subfield>
  </datafield>
  <datafield tag="082" ind1=" " ind2=" ">
    <subfield code="2">23</subfield>
    <subfield code="a">297.64</subfield>
    <subfield code="b">QUR 2015</subfield>
  </datafield>
  <datafield tag="245" ind1=" " ind2=" ">
    <subfield code="a">&#x995;&#x9C1;&#x9B0;&#x986;&#x9A8; &#x993; &#x9B9;&#x9BE;&#x9A6;&#x9BF;&#x9B8;&#x9C7; ( &#x9B8;&#x9BE;&#x983;) - &#x98F;&#x9B0; &#x986;&#x9B9;&#x9B2;&#x9C7; &#x9AC;&#x9BE;&#x987;&#x9A4; (&#x986;&#x983;) /</subfield>
    <subfield code="b">[&#x9A8;&#x9AC;&#x9C0; &#x9AA;&#x9B0;&#x9BF;&#x9AC;&#x9BE;&#x9B0;]</subfield>
    <subfield code="c">&#x9B8;&#x9AE;&#x9CD;&#x9AA;&#x9BE;&#x9A6;&#x995; ; &#x9AE;&#x9CB;&#x983; &#x9B9;&#x9BE;&#x9B0;&#x9C1;&#x9A8;&#x9C1;&#x9B0; &#x9B0;&#x9B6;&#x9C0;&#x9A6; , &#x9AE;&#x9C1;&#x9B9;&#x9BE;&#x9AE;&#x9CD;&#x9AE;&#x9BE;&#x9A6; &#x987;&#x9B0;&#x9AB;&#x9BE;&#x9A8;&#x9C1;&#x9B2; &#x9B9;&#x995; , &#x9AE;&#x9CB;.&#x986;&#x9B2;&#x9AE;&#x997;&#x9C0;&#x9B0; &#x9B9;&#x9CB;&#x9B8;&#x9C7;&#x9A8; ; &#x985;&#x9A8;&#x9C1;&#x9AC;&#x9BE;&#x9A6;, &#x98F; &#x995;&#x9C7; &#x98F;&#x9AE; &#x9B0;&#x9BE;&#x9B6;&#x9BF;&#x9A6;&#x9C1;&#x99C;&#x9CD;&#x99C;&#x9BE;&#x9AE;&#x9BE;&#x9A8;</subfield>
  </datafield>
  <datafield tag="260" ind1=" " ind2=" ">
    <subfield code="a">&#x9AE;&#x9AF;&#x9BC;&#x9AE;&#x9A8;&#x9B8;&#x9BF;&#x982;&#x9B9; :</subfield>
    <subfield code="b">&#x993;&#x9AF;&#x9BC;&#x9BE;&#x987;&#x99C;&#x9AE;&#x9CD;&#x9AF;&#x9BE;&#x9A8; &#x9AA;&#x9BE;&#x9AC; ,</subfield>
    <subfield code="c">(&#x9E7;&#x9EA;&#x9E8;&#x9E8;) &#x9E8;&#x9E6;&#x9E7;&#x9EB;</subfield>
  </datafield>
  <datafield tag="300" ind1=" " ind2=" ">
    <subfield code="a">&#x9E7;&#x9EE; &#x9AA;&#x9C3;. ;</subfield>
    <subfield code="c">&#x9E8;&#x9EB; &#x9B8;&#x9C7;&#x9AE;&#x9BF;.</subfield>
  </datafield>
  <datafield tag="500" ind1=" " ind2=" ">
    <subfield code="a">&#x987;&#x9A8;&#x9A1;&#x9C7;&#x995;&#x9CD;&#x9B8; &#x9B8;&#x9AE;&#x9CD;&#x9AC;&#x9B2;&#x9BF;&#x9A4;</subfield>
  </datafield>
  <datafield tag="650" ind1=" " ind2=" ">
    <subfield code="a">&#x9A8;&#x9AC;&#x9C0; &#x9B8;&#x9BE;&#x983; &#x9AA;&#x9B0;&#x9BF;&#x9AC;&#x9BE;&#x9B0;</subfield>
    <subfield code="9">220047</subfield>
  </datafield>
  <datafield tag="650" ind1=" " ind2=" ">
    <subfield code="a">muhammad,s (s) family</subfield>
    <subfield code="9">220048</subfield>
  </datafield>
  <datafield tag="700" ind1=" " ind2=" ">
    <subfield code="a">&#x9B9;&#x995;, &#x9AE;&#x9C1;&#x9B9;&#x9BE;&#x9AE;&#x9CD;&#x9AE;&#x9BE;&#x9A6; &#x987;&#x9B0;&#x9AB;&#x9BE;&#x9A8;&#x9C1;&#x9B2;</subfield>
    <subfield code="9">220049</subfield>
  </datafield>
  <datafield tag="942" ind1=" " ind2=" ">
    <subfield code="2">ddc</subfield>
    <subfield code="c">BK</subfield>
  </datafield>
  <datafield tag="999" ind1=" " ind2=" ">
    <subfield code="c">74044</subfield>
    <subfield code="d">74044</subfield>
  </datafield>
  <datafield tag="952" ind1=" " ind2=" ">
    <subfield code="0">0</subfield>
    <subfield code="1">0</subfield>
    <subfield code="2">ddc</subfield>
    <subfield code="4">0</subfield>
    <subfield code="7">1</subfield>
    <subfield code="8">NFIC</subfield>
    <subfield code="a">RUCL</subfield>
    <subfield code="b">RUCL</subfield>
    <subfield code="c">Reading</subfield>
    <subfield code="d">2017-05-14</subfield>
    <subfield code="e">Iran Embassy Dhaka</subfield>
    <subfield code="g">680.00</subfield>
    <subfield code="l">0</subfield>
    <subfield code="o">B 297.64 QUR 2015</subfield>
    <subfield code="r">2018-01-31 00:00:00</subfield>
    <subfield code="t">C-1</subfield>
    <subfield code="w">2021-12-09</subfield>
    <subfield code="y">BK</subfield>
  </datafield>
</record>
